Die Störungen Im Deutschen Wirtschaftsleben Während der Jahre 1900 Ff : Vierter Band: Verkehrsgewerbe. Vom Verein Für Socialpolitik Herausgegeben. (Schriften des Vereins Für Socialpolitik CVIII).

Bibliographic Details
Main Author: Socialpolitik, Verein für.
Format: eBook
Language:German
Published: Berlin : Duncker & Humblot, 2014.
Edition:1st ed.
Series:Duncker and Humblot Reprints Series
Subjects:
Online Access:Click to View
LEADER 03904nam a22003973i 4500
001 EBC7101294
003 MiAaPQ
005 20240729202204.0
006 m o d |
007 cr cnu||||||||
008 240729s2014 xx o ||||0 ger d
020 |a 9783428573561  |q (electronic bk.) 
020 |z 9783428173563 
035 |a (MiAaPQ)EBC7101294 
035 |a (Au-PeEL)EBL7101294 
035 |a (OCoLC)1348484750 
040 |a MiAaPQ  |b eng  |e rda  |e pn  |c MiAaPQ  |d MiAaPQ 
100 1 |a Socialpolitik, Verein für. 
245 1 4 |a Die Störungen Im Deutschen Wirtschaftsleben Während der Jahre 1900 Ff :  |b Vierter Band: Verkehrsgewerbe. Vom Verein Für Socialpolitik Herausgegeben. (Schriften des Vereins Für Socialpolitik CVIII). 
250 |a 1st ed. 
264 1 |a Berlin :  |b Duncker & Humblot,  |c 2014. 
264 4 |c {copy}1903. 
300 |a 1 online resource (253 pages) 
336 |a text  |b txt  |2 rdacontent 
337 |a computer  |b c  |2 rdamedia 
338 |a online resource  |b cr  |2 rdacarrier 
490 1 |a Duncker and Humblot Reprints Series 
505 0 |a Intro -- Inhaltsangabe -- Seeverkehr und Reederei. Von Dr. Robert Schachner (Heidelberg) -- Erster Teil. Aufschwung -- Hauptquellen -- I. Die Wendung zum Besseren in den Jahren 1895/1896 -- 1. Einleitung -- 2. Deutscher Handels- und Schiffsverkehr in den verschiedenen Kontinenten -- 3. Der Personenverkehr -- II. Die günstige Konjunktur der Jahre 1897-1900 -- 1. Einleitung -- 2. Deutscher Handels- und Schiffverkehr in den verschiedenen Kontinenten in den Jahren 1897-1900 im allgemeinen -- 3. Waren- und Schiffverkehr mit den einzelnen Ländern und Angabe der Haupthandelsprodukte -- A. Amerika -- B. Afrika -- C. Asien -- D. Australien -- E. Europäischer Verkehr -- 4. Personenverkehr -- 5. Verjüngung der deutschen Handelsflotte. Die technischen Fortschritte. Verhältnisse in Ost- und Nordsee -- 6. Wachsen der deutschen Schiffahrt und der deutschen Großreedereien -- 7. Die Geschäftsergebnisse der Reederei -- Zweiter Teil. Niedergang -- 1. Einleitung -- 2. Deutschlands Einfuhr an überseeischen Haupthandelsartikeln in den Jahren 1901 und 1902 mit Rücksicht auf die Lage der deutschen Industrien und die Kaufkraft des Volkes -- 3. Handelstätigkeit deutscher Schiffe in den verschiedenen Kontinenten -- A. Amerika -- B. Afrika -- C. Asien -- D. Australien -- E. Europäische Fahrt -- 4. Der Personenverkehr -- 5. Geschäftsergebnisse der Reedereien -- a) Im allgemeinen -- b) Die Produktionskosten im einzelnen -- c) Kapitalerhöhungen der deutschen Aktienreedereien und ihre Dividenden -- d) Börsen und Schiffspapiere -- Die deutschen Eisenbahnen in den Jahren 1895-1901 -- Vorgänge im Gebiete des Kleinbahnwesens. Von Stadtrat a. D. Erler -- Die Rheinschiffahrt. Von Dr. Peter Stubmann (Ruhrort) -- Einleitung -- Begriffliches. Frühere Krisen der Rheinschiffahrt -- I. Der Verkehr 1895-1902 -- II. Frachten und Schlepplöhne -- 1. Die Bewegung der Frachten 1895-1903. 
505 8 |a Die Faktoren der Frachtbildung -- a) Die Talfahrt -- b) Bergfahrt -- 2. Die Bewegung der Schlepplöhne -- 3. Ergebnisse -- III. Der Bau neuer Schiffe -- Schlußergebnis -- Nachtrag zum Aufsatz: Seeverkehr und Reederei von Dr. Robert Schachner. 
588 |a Description based on publisher supplied metadata and other sources. 
590 |a Electronic reproduction. Ann Arbor, Michigan : ProQuest Ebook Central, 2024. Available via World Wide Web. Access may be limited to ProQuest Ebook Central affiliated libraries.  
655 4 |a Electronic books. 
776 0 8 |i Print version:  |a Socialpolitik, Verein für  |t Die Störungen Im Deutschen Wirtschaftsleben Während der Jahre 1900 Ff  |d Berlin : Duncker & Humblot,c2014  |z 9783428173563 
797 2 |a ProQuest (Firm) 
830 0 |a Duncker and Humblot Reprints Series 
856 4 0 |u https://ebookcentral.proquest.com/lib/matrademy/detail.action?docID=7101294  |z Click to View